00361nam a2200133 a 4500008004100000020001500041050001400056100002200070245005700092260003900149300001000188350000900198650002000207120416s1974 ||||||||||||||||| || u a0715394576 aD 743 Peo aMoynihan, Michael10aPeople at war: 1939-1945cedited by Michael Moynihan aNew York:bDavid and Charlesc1974 a216p. a0.00 0aAFRICA--HISTORY